O zásadní přestavbě řízení ekonomiky v SSSR : sborník dokumentů ÚV KSSS a Rady ministrů SSSR ze dne 17.7.1987 /
Uložené v:
| Ďalší autori: | |
|---|---|
| Médium: | Kniha |
| Jazyk: | Czech Russian |
| Vydané: |
Praha :
Svoboda,
1988
|
| Vydanie: | 1. vyd. |
| ISBN: |
(brož.) |
| Fyzický popis: |
211 s. |
| Tagy: |
Pridať tag
Žiadne tagy, Buďte prvý kto otaguje tento záznam!
|
Titul je dostupný aj v ... 

MARC
| LEADER | 00000nam a2200000 a 4500 | ||
|---|---|---|---|
| 001 | 000286321 | ||
| 005 | 20061206161740.0 | ||
| 008 | 061127s1988 xr e 000 0 czeo | ||
| 020 | |a (brož.) | ||
| 040 | |a SVKKK |b slo |c SVKKK |e AACR2 | ||
| 041 | 1 | |a cze |h rus | |
| 044 | |a xr |c CZ | ||
| 245 | 0 | 0 | |a O zásadní přestavbě řízení ekonomiky v SSSR : |b sborník dokumentů ÚV KSSS a Rady ministrů SSSR ze dne 17.7.1987 / |c red. Dana Kestřánková |
| 250 | |a 1. vyd. | ||
| 260 | |a Praha : |b Svoboda, |c 1988 | ||
| 300 | |a 211 s. | ||
| 500 | |a Preklad z ruš. | ||
| 700 | 1 | |a Kestřánková, Dana |4 edt | |
| 998 | |a BK | ||
| 090 | |g SCKHL |k Sklad Pribinova 2. posch. |a II.316414 |j 775349 |i B90628 |s Absenčne | ||
| 090 | |g SCKHL |k Sklad Pribinova 2. posch. |a II.316415 |j 775350 |i B90629 |s Absenčne | ||
| 090 | |g SCKHL |k Sklad Pribinova 2. posch. |a II.316416 |j 775351 |i B90630 |s Absenčne | ||
| 090 | |g SCKHL |k Sklad Pribinova 2. posch. |a II.326972 |j 782130 |i B88021 |s Absenčne | ||